Elektrické pohony /

Enregistré dans:
Détails bibliographiques
Auteur principal: Čadil, František (Auteur)
Format: Livre
Langue:tchèque
Publié: Praha : SNTL, 1976
Édition:1.vyd.
Sujets:
Tags: Ajouter un tag
Pas de tags, Soyez le premier à ajouter un tag!

MARC

LEADER 00000nam a22000003a 4500
001 stu9552
005 20150617225804.6
008 970424s1976----cs------------------cze-d
040 |a STU  |b slo 
041 0 |a cze 
044 |a cs 
080 |a 621.313-83 
100 1 |a Čadil, František  |4 aut 
245 1 |a Elektrické pohony /  |c AUT Čadil,František a i 
250 |a 1.vyd. 
260 |a Praha :  |b SNTL,  |c 1976 
300 |a 558 s 
650 7 |a elektrické pohony  |2 stusub 
996 |b 284J020748  |c J*51077  |l JJSK  |s A  |a 24  |w stu9552_0001 
996 |b E39709  |c E*39709  |l EE04  |s P  |a 0  |w stu9552_0003 
996 |b 284EK06179  |c E*52248  |l EE01  |s A  |a 24  |w stu9552_0004 
996 |b 284EK05983  |c E*52249  |l EE0101  |s P  |a 0  |w stu9552_0005 
996 |b 284EK06386  |c E*52250  |l EE01  |s A  |a 24  |w stu9552_0006